Vainqueurs de l'Euro - Statistiques

Statistiques générales
  • Ce quiz a été pris 270 fois
  • Le résultat moyen est 16 sur 17
Statistiques - réponses
Année Vanqueur % Correct
2024 Espagne
100%
2012 Espagne
100%
2008 Espagne
100%
1964 Espagne
100%
2000 France
100%
1984 France
100%
1996 Allemagne
99%
1980 Allemagne
99%
1972 Allemagne
99%
2020 Italie
99%
1968 Italie
99%
2016 Portugal
99%
2004 Grèce
90%
1988 Pays Bas
81%
1992 Danemark
70%
1960 URSS
68%
1976 Tchécoslovaquie
46%
Aucun quiz correspondant
Distribution des résultats
% des personnes avec chaque résultat
Percentile par nombre de réponses
Votre historique - résultats
Vous n’avez pas pris ce quiz